Ιστορία της μουσικής

Αποθηκεύτηκε σε:
Λεπτομέρειες βιβλιογραφικής εγγραφής
Κύριος συγγραφέας: Lavoix, Henri, 1846-1897
Άλλοι συγγραφείς: Σερεμέτη, Αθηνά (Μεταφραστής)
Μορφή: Βιβλίο
Γλώσσα:Greek
Δημοσίευση: Εν Αθήναις : Τύποις Αλεξάνδρου Παπαγεωργίου, [19--?]
Θέματα:
Ετικέτες: Προσθήκη ετικέτας
Δεν υπάρχουν, Καταχωρήστε ετικέτα πρώτοι!

MARC

LEADER 00000cam a2200000 i 4500
001 1/66614
008 150211q gr | ||| |||| ||gre||
035 |l 10121008 
040 |a GR-MY-UA  |b gre  |e aacr 
041 0 |a gre 
082 0 |a 780.9  |2 (23) 
100 1 |a Lavoix, Henri,   |d 1846-1897. 
245 1 0 |a Ιστορία της μουσικής /  |c H. Lavoix Fils ; μετάφρασις Αθηνάς Ν. Σερεμέτη 
260 |a Εν Αθήναις :   |b Τύποις Αλεξάνδρου Παπαγεωργίου,   |c [19--?] 
300 |a ιζ', 390 σ.;  |b εικ.;  |c 22 εκ. 
500 |a Στο recto σφραγίδα "Πορφυριάς Εμπορική Σχολή Σάμου Εν Καρλοβασίω" με αρ. 231. 
650 0 0 |a Music  |x History and criticism. 
700 1 |a Σερεμέτη, Αθηνά.  |4 trl 
852 |a INST  |b SAMOS  |c PORFYRIADA  |e 20150211  |h 780.9 FIL  |p 005300041642  |q 005300041642  |t NOLOAN  |y 23 
901 |a BIBL3-2015-1 
909 |a Σ  |b 186154 
970 |a ΣΙΤΖΙΜΗ  |b ΓΙΑΣΕΜΗ  |z 2015/02/11